[Event "24th NATO Chess Championship"]
[Site "Rynia"]
[Date "2013.08.12"]
[Round "1.27"]
[White "Giedraitis, Mingaudas"]
[Black "Keough, Robert W"]
[Result "0-1"]
[WhiteElo "1817"]
[BlackElo "2077"]
[PlyCount "96"]
[EventDate "2013.08.??"]
[EventType "swiss"]
[EventRounds "7"]
[EventCountry "POL"]
[WhiteTeam "LTU"]
[BlackTeam "USA"]
[WhiteTeamCountry "LTU"]
[BlackTeamCountry "USA"]

1. e4 c5 2. Nf3 a6 3. c3 g6 4. d4 cxd4 5. Nxd4 d5 6. exd5 Qxd5 7. Qf3 Qxf3 8.
Nxf3 Nc6 9. Bc4 Bg4 10. Ng5 Ne5 11. Be2 Nf6 12. f4 Nc6 13. Bc4 e6 14. h3 Bf5
15. Be3 b5 16. Be2 Nd5 17. Bd2 f6 18. Nf3 Bc5 19. b4 Bb6 20. Na3 Rc8 21. c4
Ndxb4 22. cxb5 axb5 23. Bxb5 O-O 24. Bxc6 Nd3+ 25. Ke2 Rxc6 26. Nb5 Rd8 27. a4
Rc2 28. g3 Nf2 29. Rhc1 Bd3+ 30. Ke1 Rxc1+ 31. Rxc1 Bxb5 32. axb5 Nd3+ 33. Kd1
Nxc1 34. Kxc1 Rd5 35. Bc3 Kf7 36. Kc2 Rxb5 37. Nd4 Bxd4 38. Bxd4 Rh5 39. h4 Rd5
40. Be3 h5 41. Kc3 Ke7 42. Kc4 Kd6 43. Kc3 e5 44. fxe5+ fxe5 45. Kc4 Ke6 46.
Bg5 e4 47. Bf4 Rd1 48. Kc3 Kf5 0-1

[Event "24th NATO Chess Championship"]
[Site "Rynia"]
[Date "2013.08.12"]
[Round "1.28"]
[White "Hernandez, Albertryan"]
[Black "Bellemare, Regis"]
[Result "1-0"]
[WhiteElo "2077"]
[BlackElo "1814"]
[PlyCount "65"]
[EventDate "2013.08.??"]
[EventType "swiss"]
[EventRounds "7"]
[EventCountry "POL"]
[WhiteTeam "USA"]
[BlackTeam "CAN"]
[WhiteTeamCountry "USA"]
[BlackTeamCountry "CAN"]

1. d4 Nf6 2. Nf3 b6 3. g3 Bb7 4. Bg2 e6 5. O-O d6 6. c4 Nbd7 7. Nc3 Ne4 8. Qc2
Nxc3 9. Qxc3 Nf6 10. b3 c5 11. Bb2 d5 12. Rad1 Qc7 13. Ne5 cxd4 14. Qxd4 Bc5
15. Qd2 O-O 16. Qg5 h6 17. Qh4 Be7 18. Ng4 Nxg4 19. Qxg4 g6 20. cxd5 h5 21. Qd4
f6 22. d6 Bxd6 23. Qxd6 Qxd6 24. Rxd6 Bxg2 25. Kxg2 e5 26. Rd7 Rfc8 27. Rc1
Rxc1 28. Bxc1 Rc8 29. Bh6 Rc2 30. Rxa7 Rxe2 31. Rg7+ Kh8 32. Rxg6 Rxa2 33. Rxf6
1-0

[Event "24th NATO Chess Championship"]
[Site "Rynia"]
[Date "2013.08.12"]
[Round "1.29"]
[White "Lambruschini, Alex"]
[Black "Tucker, David Sidney"]
[Result "0-1"]
[WhiteElo "1811"]
[BlackElo "2069"]
[PlyCount "65"]
[EventDate "2013.08.??"]
[EventType "swiss"]
[EventRounds "7"]
[EventCountry "POL"]
[WhiteTeam "CAN"]
[BlackTeam "ENG"]
[WhiteTeamCountry "CAN"]
[BlackTeamCountry "ENG"]

1. d4 Nf6 2. c4 c5 3. d5 g6 4. Nc3 d6 5. e4 Bg7 6. Bd3 O-O 7. Nf3 e6 8. dxe6
fxe6 9. O-O Nc6 10. Be3 b6 11. Rc1 a6 12. b3 Ng4 13. Bg5 Bf6 14. Qd2 Ra7 15.
Be3 Nxe3 16. Qxe3 Nd4 17. Nd2 Raf7 18. Qe1 Bg7 19. Ne2 Qg5 20. Kh1 e5 21. Nxd4
cxd4 22. f3 Bh6 23. Rd1 Qh5 24. Rf2 Be3 25. Re2 Rf4 26. Nf1 Rxf3 27. Nxe3 Rxe3
28. Rxe3 dxe3 29. Be2 Bg4 30. Bxg4 Qxg4 31. Rxd6 e2 32. h3 Rf1+ 33. Kh2 0-1

[Event "24th NATO Chess Championship"]
[Site "Rynia"]
[Date "2013.08.12"]
[Round "1.30"]
[White "Aagaard, Gert"]
[Black "Ross, David C"]
[Result "1-0"]
[WhiteElo "2067"]
[BlackElo "1802"]
[PlyCount "99"]
[EventDate "2013.08.??"]
[EventType "swiss"]
[EventRounds "7"]
[EventCountry "POL"]
[WhiteTeam "DEN"]
[BlackTeam "NATO"]
[WhiteTeamCountry "DEN"]

1. d4 Nf6 2. Nf3 e6 3. Bg5 Be7 4. Nbd2 d5 5. c4 b6 6. Ne5 O-O 7. e3 Bb7 8. Be2
c5 9. Ndf3 Nbd7 10. O-O Ne4 11. Bxe7 Qxe7 12. Nxd7 Qxd7 13. Ne5 Qc7 14. cxd5
Bxd5 15. Qc2 f6 16. Nf3 c4 17. Bd3 Qb7 18. Bxe4 Bxe4 19. Qxc4 Bd5 20. Qe2 Rac8
21. b3 Rc7 22. Rfc1 Rfc8 23. Rxc7 Rxc7 24. Ne1 Qc6 25. f3 Qc3 26. Rd1 Kf7 27.
Qd2 Bb7 28. Kf2 Qc6 29. Qd3 f5 30. Rd2 Qd6 31. Kg1 Rc1 32. Rd1 Qa3 33. Rxc1
Qxc1 34. Kf2 Qa3 35. Qc2 Qd6 36. Nd3 g5 37. Ne5+ Kf6 38. h3 h5 39. Qc3 h4 40.
b4 b5 41. a3 a6 42. g3 Qd5 43. Qb2 g4 44. hxg4 hxg3+ 45. Kxg3 fxg4 46. Nxg4+
Ke7 47. Ne5 Qd8 48. Qc2 Qg8+ 49. Kf2 Qg5 50. Qh7+ 1-0

[Event "24th NATO Chess Championship"]
[Site "Rynia"]
[Date "2013.08.12"]
[Round "1.31"]
[White "Ozturk, Ali"]
[Black "Ranario, Dan"]
[Result "0-1"]
[WhiteElo "1763"]
[BlackElo "2062"]
[PlyCount "88"]
[EventDate "2013.08.??"]
[EventType "swiss"]
[EventRounds "7"]
[EventCountry "POL"]
[WhiteTeam "NATO"]
[BlackTeam "USA"]
[BlackTeamCountry "USA"]

1. d4 Nf6 2. c4 e6 3. Nc3 d5 4. Nf3 Bb4 5. Bg5 Bxc3+ 6. bxc3 Nbd7 7. e3 h6 8.
Bh4 g5 9. Bg3 Ne4 10. Qc2 c6 11. Bd3 f5 12. Bxe4 dxe4 13. Ne5 Nf6 14. h4 g4 15.
h5 Qa5 16. c5 Nd5 17. Rc1 b6 18. Nxc6 Qb5 19. Ne5 bxc5 20. Qd2 c4 21. O-O Ba6
22. Rb1 Qa5 23. Rfc1 O-O 24. Nd7 Rf7 25. Nc5 Bc8 26. a4 Bd7 27. Qc2 Be8 28. Be5
Rh7 29. Rb2 Nb6 30. Rb4 Nd7 31. Rb5 Qd8 32. Nxe6 Qe7 33. Nf4 a6 34. Rb7 g3 35.
Nd5 Qd8 36. Bxg3 Bxh5 37. Rcb1 Rf7 38. Qa2 Rc8 39. Bc7 Qg5 40. Qxc4 Kh7 41. Nf4
Rg7 42. Qf1 Bf3 43. g3 Rcg8 44. Ne6 Qh5 0-1

[Event "24th NATO Chess Championship"]
[Site "Rynia"]
[Date "2013.08.12"]
[Round "1.32"]
[White "Mottais, Francois"]
[Black "Chwieseni, Edward"]
[Result "1/2-1/2"]
[WhiteElo "2055"]
[BlackElo "1754"]
[PlyCount "105"]
[EventDate "2013.08.??"]
[EventType "swiss"]
[EventRounds "7"]
[EventCountry "POL"]
[WhiteTeam "FRA"]
[BlackTeam "ENG"]
[WhiteTeamCountry "FRA"]
[BlackTeamCountry "ENG"]

1. d4 Nf6 2. c4 e6 3. Nc3 d5 4. Nf3 h6 5. e3 Nc6 6. Bd3 Bb4 7. O-O O-O 8. Ne2
b6 9. cxd5 exd5 10. Ng3 Bd6 11. Nf5 Bxf5 12. Bxf5 Ne7 13. Bc2 c6 14. Bd2 Qc7
15. Rc1 Rac8 16. g3 Qb8 17. Bc3 Ne4 18. Qd3 f5 19. Nd2 Nxc3 20. bxc3 g6 21. c4
Kg7 22. cxd5 cxd5 23. Bb3 Rxc1 24. Rxc1 Rc8 25. Rxc8 Qxc8 26. Kg2 a6 27. Nf3 b5
28. h4 Qe6 29. a4 bxa4 30. Bxa4 Qc8 31. Bb3 Qb7 32. h5 Qb5 33. Qc2 g5 34. g4
fxg4 35. Ne5 Bxe5 36. dxe5 Qc6 37. Qd3 d4+ 38. Kg1 Qc1+ 39. Kh2 g3+ 40. Kxg3
Qg1+ 41. Kf3 Qh1+ 42. Ke2 Qxh5+ 43. Kd2 dxe3+ 44. Qxe3 Qh2 45. Qc5 Qf4+ 46. Kc2
Qe4+ 47. Kb2 Kf8 48. Qd6 Qc6 49. Qd8+ Qe8 50. Qd3 Qg6 51. Qd8+ Qe8 52. Qd6 Qc6
53. Qd8+ 1/2-1/2

[Event "24th NATO Chess Championship"]
[Site "Rynia"]
[Date "2013.08.12"]
[Round "1.33"]
[White "Langer, Herb"]
[Black "Wagenaar, Harm Theo"]
[Result "0-1"]
[WhiteElo "1721"]
[BlackElo "2054"]
[PlyCount "98"]
[EventDate "2013.08.??"]
[EventType "swiss"]
[EventRounds "7"]
[EventCountry "POL"]
[WhiteTeam "CAN"]
[BlackTeam "NATO"]
[WhiteTeamCountry "CAN"]

1. c4 c5 2. g3 Nf6 3. Bg2 e6 4. Nc3 d5 5. cxd5 exd5 6. d4 cxd4 7. Qxd4 Nc6 8.
Qa4 d4 9. Ne4 Nxe4 10. Bxe4 Bb4+ 11. Bd2 Bxd2+ 12. Kxd2 Bd7 13. Nf3 Qe7 14. Bd3
O-O 15. Nxd4 Qf6 16. Nf3 Qxb2+ 17. Qc2 Qxc2+ 18. Bxc2 Rfd8 19. Rhc1 Bg4+ 20.
Ke3 Re8+ 21. Kf4 Bxf3 22. exf3 Re2 23. Be4 Rxf2 24. h4 Rb2 25. Rcb1 Rb6 26. Rd1
g6 27. Rd7 a5 28. Rb1 Rxb1 29. Bxb1 Rb8 30. Be4 Kf8 31. Rc7 Nd8 32. Bd5 b5 33.
Ke3 Rb6 34. Ra7 a4 35. Ra8 Ke7 36. Ra7+ Kf6 37. g4 h6 38. f4 Ne6 39. g5+ hxg5
40. hxg5+ Kg7 41. Ke4 b4 42. Ke5 b3 43. axb3 axb3 44. Rb7 Rxb7 45. Bxb7 Nc5 46.
Bd5 b2 47. Ba2 Nb3 48. f5 gxf5 49. Kxf5 Nd2 0-1

[Event "24th NATO Chess Championship"]
[Site "Rynia"]
[Date "2013.08.12"]
[Round "1.34"]
[White "Sari, Serdar"]
[Black "Stuhr, Finn"]
[Result "1-0"]
[WhiteElo "2052"]
[BlackElo "1737"]
[PlyCount "49"]
[EventDate "2013.08.??"]
[EventType "swiss"]
[EventRounds "7"]
[EventCountry "POL"]
[WhiteTeam "TUR"]
[BlackTeam "NATO"]
[WhiteTeamCountry "TUR"]

1. e4 e5 2. Nf3 Nc6 3. Bc4 Nf6 4. d3 h6 5. Be3 d6 6. h3 Na5 7. Bb3 Nxb3 8. axb3
a6 9. Qd2 Be7 10. Nc3 Be6 11. d4 exd4 12. Nxd4 Bd7 13. g4 c5 14. Nf5 Bxf5 15.
gxf5 Nd7 16. Nd5 Ne5 17. O-O-O Nf3 18. Qe2 Ne5 19. f4 Nc6 20. e5 Qa5 21. Kb1
dxe5 22. fxe5 Nb4 23. Nxb4 Qxb4 24. f6 Bd8 25. fxg7 1-0

[Event "24th NATO Chess Championship"]
[Site "Rynia"]
[Date "2013.08.12"]
[Round "1.35"]
[White "Geerts, Luc"]
[Black "Koopmeiners, Karl"]
[Result "0-1"]
[WhiteElo "1617"]
[BlackElo "2038"]
[PlyCount "102"]
[EventDate "2013.08.??"]
[EventType "swiss"]
[EventRounds "7"]
[EventCountry "POL"]
[WhiteTeam "BEL"]
[BlackTeam "NATO"]
[WhiteTeamCountry "BEL"]

1. d4 d5 2. c4 c6 3. Nc3 Nf6 4. Nf3 e6 5. Bg5 h6 6. Bh4 g5 7. Bg3 dxc4 8. a4
Bb4 9. Be5 Nbd7 10. Qc2 b5 11. axb5 cxb5 12. g3 Bb7 13. Bg2 Be4 14. Qc1 g4 15.
Nh4 Bxg2 16. Nxg2 Nxe5 17. dxe5 Qd5 18. O-O Qxe5 19. Qc2 Ke7 20. Ne3 h5 21. Na2
Bc5 22. Ng2 Rhc8 23. Nc3 b4 24. Na4 a5 25. e3 Ba7 26. Rad1 Qb5 27. b3 cxb3 28.
Qxb3 Nd5 29. Rc1 Rc6 30. e4 Nf6 31. Nc3 Qb7 32. e5 Nd7 33. Nd5+ Ke8 34. Nf6+
Nxf6 35. exf6 Rxc1 36. Rxc1 Rc8 37. Qa4+ Kf8 38. Rd1 Qf3 39. Qd7 Qxf2+ 40. Kh1
Re8 41. Nh4 Qxf6 42. Qxa7 Rd8 43. Qc5+ Kg8 44. Rc1 Rd5 45. Qc4 Qd4 46. Qf1 b3
47. Rc8+ Kg7 48. Rc7 Rd7 49. Rxd7 Qxd7 50. Qa1+ Kg8 51. Qxa5 Qd5+ 0-1

[Event "24th NATO Chess Championship"]
[Site "Rynia"]
[Date "2013.08.12"]
[Round "1.36"]
[White "Nielsen, Henrik"]
[Black "Ulusoy, Mustafa"]
[Result "1-0"]
[WhiteElo "2037"]
[BlackElo "1696"]
[PlyCount "94"]
[EventDate "2013.08.??"]
[EventType "swiss"]
[EventRounds "7"]
[EventCountry "POL"]
[WhiteTeam "DEN"]
[BlackTeam "NATO"]
[WhiteTeamCountry "DEN"]

1. d4 d5 2. Nf3 Nf6 3. Bf4 e6 4. Nbd2 Be7 5. e3 O-O 6. Bd3 Nh5 7. Ne5 Nxf4 8.
exf4 Nd7 9. h4 Nxe5 10. fxe5 c5 11. Qh5 h6 12. dxc5 Bxc5 13. g4 f5 14. gxf5
exf5 15. f4 Qb6 16. O-O-O a5 17. Rh3 Be3 18. Qf3 d4 19. Bc4+ Be6 20. Bxe6+ Qxe6
21. Kb1 a4 22. Nf1 Rfd8 23. Rd3 b5 24. Nxe3 dxe3 25. Qxe3 Qc4 26. Rh1 b4 27.
Rhd1 Rdc8 28. c3 Rab8 29. Rd4 Qc6 30. c4 a3 31. b3 Qg2 32. Qd2 Qf3 33. e6 Re8
34. Re1 Rb6 35. Rd8 Rbxe6 36. Rxe8+ Rxe8 37. Rxe8+ Kh7 38. Re1 Qg3 39. c5 Qf3
40. Rc1 Qe4+ 41. Qc2 Qxf4 42. c6 Qc7 43. Qxf5+ Kg8 44. h5 Qh2 45. Qc2 Qc7 46.
Qc4+ Kh8 47. Qxb4 Qf7 1-0

[Event "24th NATO Chess Championship"]
[Site "Rynia"]
[Date "2013.08.12"]
[Round "1.37"]
[White "Lord, Daniel"]
[Black "Prevot, Jean Luc"]
[Result "0-1"]
[WhiteElo "1607"]
[BlackElo "2027"]
[PlyCount "78"]
[EventDate "2013.08.??"]
[EventType "swiss"]
[EventRounds "7"]
[EventCountry "POL"]
[WhiteTeam "CAN"]
[BlackTeam "FRA"]
[WhiteTeamCountry "CAN"]
[BlackTeamCountry "FRA"]

1. d4 d5 2. c4 c6 3. Nf3 Nf6 4. g3 Bf5 5. Bg2 e6 6. cxd5 cxd5 7. O-O Be7 8. Nc3
Ne4 9. Qa4+ Nd7 10. Ne5 Nxc3 11. bxc3 f6 12. Nxd7 Qxd7 13. Qxd7+ Kxd7 14. c4
dxc4 15. Bxb7 Rab8 16. Bg2 Rhc8 17. Bf4 Bd6 18. e4 Bg4 19. f3 Bh5 20. Rab1 c3
21. Bxd6 Rxb1 22. Rxb1 Kxd6 23. Kf2 Be8 24. Bf1 Ba4 25. Bd3 c2 26. Rc1 Rc3 27.
Ke3 Bb5 28. Rxc2 Rxd3+ 29. Kf2 Rxd4 30. g4 Kd7 31. Kg3 e5 32. Kh4 Rd3 33. Rf2
Ra3 34. g5 Bc4 35. gxf6 gxf6 36. Kh5 Rxa2 37. Rxa2 Bxa2 38. Kh6 Bf7 39. Kxh7
Ke7 0-1

[Event "24th NATO Chess Championship"]
[Site "Rynia"]
[Date "2013.08.12"]
[Round "1.38"]
[White "Toll, Alec"]
[Black "Reinup, Hannes"]
[Result "1-0"]
[WhiteElo "2027"]
[BlackElo "1600"]
[PlyCount "59"]
[EventDate "2013.08.??"]
[EventType "swiss"]
[EventRounds "7"]
[EventCountry "POL"]
[WhiteTeam "NATO"]
[BlackTeam "EST"]
[BlackTeamCountry "EST"]

1. b4 e6 2. Bb2 b6 3. Nf3 Bb7 4. e3 f6 5. b5 d5 6. d4 Nd7 7. Bd3 Bd6 8. Nbd2
Ne7 9. O-O O-O 10. e4 Rc8 11. Re1 e5 12. c3 dxe4 13. Nxe4 Re8 14. Qb3+ Kh8 15.
Rad1 Ng6 16. g3 Qe7 17. h4 f5 18. Nxd6 Qxd6 19. Ba3 Qf6 20. Ng5 h6 21. Nf7+ Kh7
22. h5 Ne7 23. dxe5 Bd5 24. exf6 Bxb3 25. axb3 Nxf6 26. Rxe7 Kg8 27. Bxf5 Rxe7
28. Bxe7 Kxf7 29. Bxf6 Kxf6 30. Bxc8 1-0

[Event "24th NATO Chess Championship"]
[Site "Rynia"]
[Date "2013.08.13"]
[Round "1.39"]
[White "Hale, Katie"]
[Black "Bielawski, Michal"]
[Result "0-1"]
[WhiteElo "1583"]
[BlackElo "2026"]
[PlyCount "90"]
[EventDate "2013.08.??"]
[EventType "swiss"]
[EventRounds "7"]
[EventCountry "POL"]
[WhiteTeam "ENG"]
[BlackTeam "POL"]
[WhiteTeamCountry "ENG"]
[BlackTeamCountry "POL"]

1. e4 d6 2. d4 Nf6 3. Nc3 g6 4. Bc4 Bg7 5. f3 O-O 6. Be3 Nbd7 7. Nge2 e5 8. Qd2
a6 9. O-O-O b5 10. Bb3 Bb7 11. Bh6 exd4 12. Bxg7 dxc3 13. Qh6 cxb2+ 14. Kxb2
Re8 15. Nf4 Ne5 16. Nd5 Nh5 17. Bxe5 Rxe5 18. g4 Nf6 19. Qf4 Bxd5 20. Bxd5 Nxd5
21. Rxd5 Rxd5 22. exd5 Qe7 23. h4 Rd8 24. h5 Qe5+ 25. Qxe5 dxe5 26. hxg6 hxg6
27. Rd1 Kf8 28. Kb3 Ke7 29. a4 c6 30. c4 bxa4+ 31. Kxa4 cxd5 32. cxd5 Kd6 33.
Kb4 Rb8+ 34. Kc4 a5 35. Ra1 Rb4+ 36. Kc3 Rb5 37. Kc4 Rxd5 38. Rb1 Rd4+ 39. Kc3
Rf4 40. Rf1 a4 41. Kb2 Kc5 42. Ka3 Kd4 43. Kxa4 Ke3+ 44. Kb3 Rxf3 45. Rxf3+
Kxf3 0-1

[Event "24th NATO Chess Championship"]
[Site "Rynia"]
[Date "2013.08.12"]
[Round "1.40"]
[White "Pazeriene, Diana"]
[Black "Habakuk, Mikk"]
[Result "1-0"]
[WhiteElo "2025"]
[BlackElo "1500"]
[PlyCount "105"]
[EventDate "2013.08.??"]
[EventType "swiss"]
[EventRounds "7"]
[EventCountry "POL"]
[WhiteTeam "LTU"]
[BlackTeam "EST"]
[WhiteTeamCountry "LTU"]
[BlackTeamCountry "EST"]

1. d4 d5 2. c4 e6 3. Nc3 Nf6 4. Bg5 Nbd7 5. Nf3 h6 6. Bh4 Be7 7. e3 b6 8. Qb3
Bb7 9. Be2 Ne4 10. Bxe7 Qxe7 11. cxd5 Nxc3 12. Qxc3 Bxd5 13. O-O Nf6 14. Bb5+
Kd8 15. Ne5 Ne4 16. Nc6+ Bxc6 17. Qxc6 Rb8 18. Qxe4 Qb4 19. Qc6 Qd6 20. Rac1
Qxc6 21. Rxc6 Ra8 22. Rfc1 a6 23. Ba4 b5 24. Bb3 Ra7 25. d5 exd5 26. Bxd5 f6
27. f4 h5 28. e4 Rf8 29. f5 b4 30. Be6 a5 31. Rd1+ Ke8 32. Rd7 h4 33. Rxg7 a4
34. Rcxc7 Rxc7 35. Rxc7 b3 36. axb3 axb3 37. Rc8+ Ke7 38. Rxf8 Kxf8 39. Bxb3
Ke7 40. Kf2 Kd6 41. Ke3 Ke7 42. Kd4 Kd6 43. Bc4 Ke7 44. Kd5 Kd7 45. b4 Ke7 46.
Kc6 Kd8 47. Be6 Ke7 48. b5 Kd8 49. b6 Ke8 50. b7 Kf8 51. b8=Q+ Kg7 52. Qg8+ Kh6
53. Qg6# 1-0

[Event "24th NATO Chess Championship"]
[Site "Rynia"]
[Date "2013.08.12"]
[Round "1.41"]
[White "Tremblay, Mario"]
[Black "Wells, Daniel J"]
[Result "0-1"]
[WhiteElo "1466"]
[BlackElo "2023"]
[PlyCount "48"]
[EventDate "2013.08.??"]
[EventType "swiss"]
[EventRounds "7"]
[EventCountry "POL"]
[WhiteTeam "CAN"]
[BlackTeam "ENG"]
[WhiteTeamCountry "CAN"]
[BlackTeamCountry "ENG"]

1. e4 c5 2. f4 d5 3. e5 Nc6 4. Nf3 Bg4 5. Bb5 Qd7 6. h3 Bxf3 7. Qxf3 e6 8. O-O
Nge7 9. g4 a6 10. Bxc6 Nxc6 11. c3 Be7 12. Na3 f6 13. g5 fxe5 14. fxe5 O-O-O
15. Qg3 Rhf8 16. Nc2 Rxf1+ 17. Kxf1 d4 18. c4 Rf8+ 19. Kg2 Rf5 20. d3 Nxe5 21.
h4 Qc6+ 22. Kh2 Bd6 23. Bf4 Rxf4 24. Qxf4 Nxd3 0-1

[Event "24th NATO Chess Championship"]
[Site "Rynia"]
[Date "2013.08.15"]
[Round "6.1"]
[White "Drabke, Lorenz Maximilian"]
[Black "Pedersen, Finn"]
[Result "1/2-1/2"]
[WhiteElo "2431"]
[BlackElo "2303"]
[PlyCount "29"]
[EventDate "2013.08.??"]
[EventType "swiss"]
[EventRounds "7"]
[EventCountry "POL"]
[WhiteTeam "GER"]
[BlackTeam "DEN"]
[WhiteTeamCountry "GER"]
[BlackTeamCountry "DEN"]

1. e4 c6 2. d4 d5 3. Nd2 dxe4 4. Nxe4 Bf5 5. Ng3 Bg6 6. Nf3 Nd7 7. Bc4 e6 8.
O-O Ngf6 9. Re1 Be7 10. c3 Nd5 11. Bb3 O-O 12. a3 b5 13. a4 a6 14. Qe2 Qb6 15.
Bg5 1/2-1/2

[Event "24th NATO Chess Championship"]
[Site "Rynia"]
[Date "2013.08.15"]
[Round "6.2"]
[White "Helbig, Mark"]
[Black "Aagaard, Gert"]
[Result "1-0"]
[WhiteElo "2282"]
[BlackElo "2067"]
[PlyCount "65"]
[EventDate "2013.08.??"]
[EventType "swiss"]
[EventRounds "7"]
[EventCountry "POL"]
[WhiteTeam "GER"]
[BlackTeam "DEN"]
[WhiteTeamCountry "GER"]
[BlackTeamCountry "DEN"]

1. c4 Nf6 2. Nc3 e6 3. e4 d5 4. e5 Ne4 5. Nxe4 dxe4 6. Qg4 Qd4 7. Nf3 Qb6 8.
Qxe4 Bd7 9. Be2 Na6 10. O-O f5 11. exf6 gxf6 12. d4 O-O-O 13. Be3 c5 14. b3 Bd6
15. Rad1 Rhg8 16. Qh4 Rdf8 17. Rd2 Qc7 18. Rfd1 Bc6 19. d5 exd5 20. cxd5 Bd7
21. Ne1 h5 22. Rc1 Qa5 23. Bxa6 Rg4 24. Qxh5 bxa6 25. Rdc2 Kd8 26. Nd3 Rfg8 27.
g3 c4 28. bxc4 Qa4 29. Nc5 Qa3 30. Nb7+ Kc7 31. Nxd6 Kxd6 32. c5+ Ke7 33. c6
1-0

[Event "24th NATO Chess Championship"]
[Site "Rynia"]
[Date "2013.08.15"]
[Round "6.3"]
[White "Vuitton, Gilles"]
[Black "Wantiez, Fabrice"]
[Result "0-1"]
[WhiteElo "2093"]
[BlackElo "2279"]
[PlyCount "50"]
[EventDate "2013.08.??"]
[EventType "swiss"]
[EventRounds "7"]
[EventCountry "POL"]
[WhiteTeam "FRA"]
[BlackTeam "BEL"]
[WhiteTeamCountry "FRA"]
[BlackTeamCountry "BEL"]

1. c4 e5 2. Nc3 Nf6 3. Nf3 Nc6 4. e4 d6 5. h3 g6 6. d4 exd4 7. Nxd4 Bg7 8. Nxc6
bxc6 9. Bg5 h6 10. Be3 O-O 11. Qd2 Re8 12. Bd3 Kh7 13. O-O-O Be6 14. f4 Qc8 15.
g4 Qa6 16. g5 hxg5 17. h4 gxf4 18. Bd4 Nh5 19. Be2 Bxd4 20. Qxd4 Ng3 21. Bd3
Qa5 22. Nd5 cxd5 23. h5 dxc4 24. hxg6+ Kxg6 25. e5+ cxd3 0-1

[Event "24th NATO Chess Championship"]
[Site "Rynia"]
[Date "2013.08.15"]
[Round "6.4"]
[White "Bielawski, Michal"]
[Black "Van Run, Rieke"]
[Result "1-0"]
[WhiteElo "2026"]
[BlackElo "2097"]
[PlyCount "89"]
[EventDate "2013.08.??"]
[EventType "swiss"]
[EventRounds "7"]
[EventCountry "POL"]
[WhiteTeam "POL"]
[BlackTeam "NED"]
[WhiteTeamCountry "POL"]
[BlackTeamCountry "NED"]

1. d4 d5 2. c4 e6 3. Nc3 c6 4. Nf3 Nf6 5. Bg5 Be7 6. e3 O-O 7. Bd3 Nbd7 8. O-O
Re8 9. Qc2 Nf8 10. e4 dxe4 11. Nxe4 Ng6 12. Rfe1 b6 13. Rad1 Bb7 14. Ne5 Rc8
15. Re3 Nxe4 16. Bxe7 Qxe7 17. Bxe4 c5 18. d5 exd5 19. Nxg6 hxg6 20. Bf5 Qg5
21. Bxc8 Rxc8 22. cxd5 Bxd5 23. Rg3 Qe5 24. a3 Bc6 25. Qd2 Qf6 26. Rd3 Qe6 27.
Re1 Qg4 28. f3 Qf5 29. Rd8+ Rxd8 30. Qxd8+ Kh7 31. Qh4+ Kg8 32. Rd1 Be8 33. Qe7
Bb5 34. Rd8+ Kh7 35. Qh4+ Qh5 36. Qxh5+ gxh5 37. Ra8 a6 38. Rb8 Kg6 39. Rxb6+
f6 40. Kf2 Kf5 41. Ke3 g5 42. a4 Bf1 43. g3 Ke5 44. Rc6 h4 45. Rxc5+ 1-0

[Event "24th NATO Chess Championship"]
[Site "Rynia"]
[Date "2013.08.15"]
[Round "6.5"]
[White "Alaslar, Devrim"]
[Black "Jauk, Wilhelm"]
[Result "1/2-1/2"]
[WhiteElo "2145"]
[BlackElo "2172"]
[PlyCount "26"]
[EventDate "2013.08.??"]
[EventType "swiss"]
[EventRounds "7"]
[EventCountry "POL"]
[WhiteTeam "TUR"]
[BlackTeam "GER"]
[WhiteTeamCountry "TUR"]
[BlackTeamCountry "GER"]

1. e4 c6 2. d4 d5 3. exd5 cxd5 4. Bd3 Nf6 5. c3 g6 6. Bf4 Nc6 7. h3 Bg7 8. Nf3
O-O 9. Nbd2 Bf5 10. Bxf5 gxf5 11. g4 Qc8 12. Qe2 fxg4 13. hxg4 Nxg4 1/2-1/2

[Event "24th NATO Chess Championship"]
[Site "Rynia"]
[Date "2013.08.15"]
[Round "6.6"]
[White "Van Rijn, Wouter"]
[Black "Onley, David"]
[Result "1-0"]
[WhiteElo "2216"]
[BlackElo "2103"]
[PlyCount "95"]
[EventDate "2013.08.??"]
[EventType "swiss"]
[EventRounds "7"]
[EventCountry "POL"]
[WhiteTeam "NED"]
[BlackTeam "ENG"]
[WhiteTeamCountry "NED"]
[BlackTeamCountry "ENG"]

1. d3 g6 2. g3 Bg7 3. Bg2 e5 4. c4 d6 5. Nc3 Nf6 6. Nf3 O-O 7. O-O Nc6 8. Rb1
a5 9. a3 h6 10. b4 axb4 11. axb4 Be6 12. Qc2 Qd7 13. Rd1 Bh3 14. Bh1 Bg4 15.
Be3 Nh5 16. Nd5 f5 17. b5 Nd4 18. Bxd4 exd4 19. c5 Rae8 20. Qc4 Kh7 21. c6 Qf7
22. cxb7 f4 23. Nxc7 d5 24. Qc2 fxg3 25. hxg3 Re7 26. b6 Be5 27. b8=Q Rxb8 28.
Nxd5 Rc8 29. Qd2 Ree8 30. b7 Rb8 31. Rdc1 Rf8 32. Qa5 Rbe8 33. Rc2 Bb8 34. Nc7
Re7 35. Na6 Nxg3 36. fxg3 Qe6 37. Nxb8 Qe3+ 38. Kf1 Bxf3 39. Bxf3 Rxf3+ 40.
exf3 Qxf3+ 41. Kg1 Qxg3+ 42. Rg2 Qe3+ 43. Kh2 Qf4+ 44. Kh1 Re3 45. Qd2 Rh3+ 46.
Kg1 Qh4 47. Rh2 Rg3+ 48. Kh1 1-0

[Event "24th NATO Chess Championship"]
[Site "Rynia"]
[Date "2013.08.15"]
[Round "6.7"]
[White "Ranario, Dan"]
[Black "Bohn, Ulrich"]
[Result "1/2-1/2"]
[WhiteElo "2062"]
[BlackElo "2175"]
[PlyCount "180"]
[EventDate "2013.08.??"]
[EventType "swiss"]
[EventRounds "7"]
[EventCountry "POL"]
[WhiteTeam "USA"]
[BlackTeam "GER"]
[WhiteTeamCountry "USA"]
[BlackTeamCountry "GER"]

1. e4 g6 2. d4 Bg7 3. c3 d6 4. Bg5 Nf6 5. Nd2 O-O 6. Ngf3 h6 7. Bh4 Nc6 8. Bd3
e5 9. dxe5 Nxe5 10. Nxe5 dxe5 11. Nf3 Re8 12. O-O c6 13. Qe2 Qc7 14. Rfd1 Nh5
15. Bg3 Bg4 16. h3 Nxg3 17. fxg3 Be6 18. Kh2 b5 19. c4 b4 20. Bc2 Qa5 21. a4
bxa3 22. Rxa3 Qc5 23. Ra4 Bf8 24. b3 a5 25. Qe1 Ra7 26. Qc3 f6 27. Nh4 Kg7 28.
Qf3 Be7 29. Qe2 Qb6 30. Nf3 Rd8 31. Rxd8 Qxd8 32. Qe3 Rd7 33. Ra1 Bb4 34. Ra2
Qb8 35. Ra1 h5 36. Rd1 Rxd1 37. Bxd1 Qc7 38. Be2 c5 39. Qc1 Qd7 40. Kg1 a4 41.
bxa4 Qxa4 42. Qb1 Bc3 43. Qb7+ Bf7 44. g4 hxg4 45. hxg4 g5 46. Qe7 Kg6 47. Qxc5
Qc2 48. Qe3 Be6 49. Kh2 Bd4 50. Nxd4 exd4 51. Qf3 Bxc4 52. Qf5+ Kg7 53. Bxc4
Qxc4 54. e5 Qf7 55. Kg1 Qe7 56. exf6+ Qxf6 57. Qd7+ Kf8 58. Qc8+ Ke7 59. Qc5+
Ke6 60. Qc4+ Ke5 61. Qe2+ Kd5 62. Qb5+ Kd6 63. Qb6+ Ke5 64. Qb5+ Kd6 65. Qb6+
Ke7 66. Qc7+ Kf8 67. Qc8+ Kg7 68. Qd7+ Kh6 69. Qe8 Qf4 70. Qe6+ Kg7 71. Qe7+
Kg6 72. Qe6+ Qf6 73. Qe8+ Kh6 74. Qh5+ Kg7 75. Qe8 Qd6 76. Qc8 d3 77. Qc3+ Kf7
78. Qd2 Qd5 79. Kf1 Kf6 80. Qf2+ Ke6 81. Qe3+ Kd7 82. Ke1 Qxg2 83. Qxd3+ Ke7
84. Qh7+ Kf8 85. Qf5+ Kg8 86. Qxg5+ Kf8 87. Qf4+ Kg8 88. g5 Qa2 89. Kf1 Qf7 90.
Qf2 Kg7 1/2-1/2